Diffusions, Markov processes and margtingales (Record no. 99279)

MARC details
000 -LEADER
fixed length control field 00992nam a2200337Ia 4500
003 - CONTROL NUMBER IDENTIFIER
control field OSt
005 - DATE AND TIME OF LATEST TRANSACTION
control field 20220912153220.0
008 - FIXED-LENGTH DATA ELEMENTS--GENERAL INFORMATION
fixed length control field 220909b |||||||| |||| 00| 0 eng d
020 ## - INTERNATIONAL STANDARD BOOK NUMBER
International Standard Book Number 0471950610(V 1) (hbd)
037 ## - SOURCE OF ACQUISITION
Terms of availability Textual
040 ## - CATALOGING SOURCE
Original cataloging agency CSL
Language of cataloging eng
Transcribing agency CSL
041 ## - LANGUAGE CODE
Language code of text/sound track or separate title eng
100 ## - MAIN ENTRY--PERSONAL NAME
Personal name Rogers L C G
245 #0 - TITLE STATEMENT
Title Diffusions, Markov processes and margtingales
250 ## - EDITION STATEMENT
Edition statement 2
260 ## - PUBLICATION, DISTRIBUTION, ETC.
Place of publication, distribution, etc. Chichester
Name of publisher, distributor, etc. John Wiley Sons
Date of publication, distribution, etc. 1994
300 ## - PHYSICAL DESCRIPTION
Extent p.
Dimensions cm.
490 ## - SERIES STATEMENT
Series statement Wiley series in probability and mathematical statistics
500 ## - GENERAL NOTE
General note New edition of: Diffusions, Markov processes, and martingales, by David Williams
650 ## - SUBJECT ADDED ENTRY--TOPICAL TERM
Topical term or geographic name entry element Markov processes
650 ## - SUBJECT ADDED ENTRY--TOPICAL TERM
Topical term or geographic name entry element Probability
650 ## - SUBJECT ADDED ENTRY--TOPICAL TERM
Topical term or geographic name entry element Statistics
700 ## - ADDED ENTRY--PERSONAL NAME
Personal name Williams David
942 ## - ADDED ENTRY ELEMENTS (KOHA)
Classification part B281N07, N4.1
Koha item type Textual
Source of classification or shelving scheme Colon Classification (CC)
Holdings
Withdrawn status Lost status Damaged status Not for loan Home library Current library Date acquired Source of acquisition Serial Enumeration / chronology Total Checkouts Full call number Barcode Date last seen Price effective from Koha item type
        Central Science Library Central Science Library 2022-09-12 Insat, V 1. Foundations (xx, 386P). This volume has bibliographical references (351-373p)and index (374-386p)   B281N07 N4.1 SL1027573 2022-09-12 2022-09-12 Textual
Copyright @ Delhi University Library System